00631nam a2200157 i 4500001000700000003000900007005001700016008004100033040002000074100002300094245011500117260008900232300004400321650001100365852009700376161133ES-MaACL20230906212211.0041022s1820 xxk |||| | eng d aCAM bspa cCAM1 aOsborne, Jonathan.12aA sketch of the physiology and pathology of urine b: with an historical introduction / cby Jonathan Osborne. aLondon [etc.] : bprinted for Burgess and Hill [etc.], c1820 (fS. Gosnell printer) aVI, [2], 81 p., [1] h. pleg. ; c22 cm. 4aOrina. aES-MaACLjT-483 bis-F-1 zEnc. hol. -- Falto de la cub. original -- Enc. en un vol. facticio